000 00588nam a2200205Ia 4500
005 20250923145137.0
008 008 250917s9999 xx 000 0 eng d
037 _aTextual
040 _aDSWL
_beng
_cDSWL
041 _aeng
_2eng
084 _aL9C,7:4:691.56, N69
_qDSWL
100 _aWolf, Sula
_9832206
245 0 _aChildren under stress
_cby Sula Wolf
260 _aLondon
_bAllen Lane The Penuin Press
_c1969
300 _axiii,193p.
365 _aINR
_b42
925 _g42
942 _cTEXL
_hL9C,7:4:691.56, N69
999 _c1447693
_d1447693